NCAA Sports Logos Sprint - Statistics

General Stats
  • This quiz has been taken 61 times
  • The average score is 53 of 60
Answer Stats
Picture Answer % Correct
Alabama Crimson Tide
100%
Maryland Terrapins
98%
North Carolina Tar Heels
98%
Florida Gators
96%
Kansas Jayhawks
96%
Michigan Wolverines
96%
Notre Dame Fighting Irish
96%
Oregon Ducks
96%
Texas Longhorns
96%
Clemson Tigers
94%
Duke Blue Devils
94%
Indiana Hoosiers
94%
Michigan State Spartans
94%
Texas Tech Red Raiders
94%
Virginia Cavaliers
94%
Arizona Wildcats
92%
Arkansas Razorbacks
92%
BYU Cougars
92%
Houston Cougars
92%
Nebraska Cornhuskers
92%
UCLA Bruins
92%
UConn Huskies
92%
Wisconsin Badgers
92%
Auburn Tigers
90%
Baylor Bears
90%
Colorado Buffaloes
90%
Illinois Fighting Illini
90%
Iowa Hawkeyes
90%
Iowa State Cyclones
90%
Kentucky Wildcats
90%
NC State Wolfpack
90%
Oklahoma Sooners
90%
Purdue Boilermakers
90%
Tennessee Volunteers
90%
Villanova Wildcats
90%
West Virginia Mountaineers
90%
Georgia Bulldogs
88%
Missouri Tigers
88%
Oklahoma State Cowboys
88%
TCU Horned Frogs
88%
Florida State Seminoles
86%
Louisville Cardinals
86%
Mississippi State Bulldogs
86%
Arizona State Sun Devils
84%
Kansas State Wildcats
84%
Miami Hurricanes
84%
UCF Knights
84%
Washington Huskies
84%
Xavier Musketeers
84%
Colorado State Rams
82%
Gonzaga Bulldogs
82%
Minnesota Golden Gophers
82%
Utah Utes
82%
Texas A&M Aggies
80%
Oregon State Beavers
76%
Temple Owls
76%
Seton Hall Pirates
69%
Creighton Bluejays
65%
St. John's Red Storm
65%
Wichita State Shockers
57%
No matching quizzes found
Score Distribution
Percent of People with Each Score
Percentile by Number Answered
Your Score History
You have not taken this quiz